UBT Library

Participatory workshops : (Record no. 45185)

000 -LEADER
fixed length control field 00855cam a22002774a 4500
001 - CONTROL NUMBER
control field 12689638
005 - DATE AND TIME OF LATEST TRANSACTION
control field 20180315110905.0
008 - FIXED-LENGTH DATA ELEMENTS--GENERAL INFORMATION
fixed length control field 020301s2002 enka b 001 0 eng
010 ## - LIBRARY OF CONGRESS CONTROL NUMBER
LC control number 2002003058
020 ## - INTERNATIONAL STANDARD BOOK NUMBER
International Standard Book Number 1853838624 (hardcover)
020 ## - INTERNATIONAL STANDARD BOOK NUMBER
International Standard Book Number 1853838632 (pbk.)
035 ## - SYSTEM CONTROL NUMBER
System control number (DLC)4882
035 ## - SYSTEM CONTROL NUMBER
System control number (DLC) 2002003058
040 ## - CATALOGING SOURCE
Original cataloging agency DLC
Transcribing agency DLC
Modifying agency DLC
041 ## - LANGUAGE CODE
Language code of text/sound track or separate title eng
042 ## - AUTHENTICATION CODE
Authentication code pcc
080 ## - UNIVERSAL DECIMAL CLASSIFICATION NUMBER
Universal Decimal Classification number 658.3124 ROB
082 00 - DEWEY DECIMAL CLASSIFICATION NUMBER
Classification number 658.3124 ROB
Edition number 21
100 1# - Rafti
Rafti 52
101 ## - Shkurtesa
Shkurtesa LED
245 10 - TITLE STATEMENT
Title Participatory workshops :
Statement of responsibility, etc Robert Chambers.
504 ## - BIBLIOGRAPHY, ETC. NOTE
Bibliography, etc Includes bibliographical references and indexes.
906 ## - LOCAL DATA ELEMENT F, LDF (RLIN)
a 7
b cbc
c orignew
d 1
e ecip
f 20
g y-gencatlg
942 ## - ADDED ENTRY ELEMENTS (KOHA)
Source of classification or shelving scheme
Item type Books
Holdings
Withdrawn status Lost status Source of classification or shelving scheme Damaged status Not for loan Collection code Permanent location Current location Shelving location Date acquired Total Checkouts Full call number Barcode Date last seen Price effective from Koha item type
          Koleksioni i përgjithshem UBT - Lipjan UBT - Lipjan Koleksioni i përgjithshem 03/15/2018   658.3124 ROB 002-3001915 03/15/2018 03/15/2018 Books
UBT Library © 2015-2024. All rights reserved University Education for Business and Technology